<?xml version="1.0" encoding="UTF-8"?>
<record
    xmlns:xsi="http://www.w3.org/2001/XMLSchema-instance"
    xsi:schemaLocation="http://www.loc.gov/MARC21/slim http://www.loc.gov/standards/marcxml/schema/MARC21slim.xsd"
    xmlns="http://www.loc.gov/MARC21/slim">

  <leader>01398cam a2200313 a 4500</leader>
  <controlfield tag="001">14492762</controlfield>
  <controlfield tag="003">NUST-PNEC</controlfield>
  <controlfield tag="005">20170114142507.0</controlfield>
  <controlfield tag="008">060811s2008    maua     b    001 0 eng  </controlfield>
  <datafield tag="010" ind1=" " ind2=" ">
    <subfield code="a">  2006026364</subfield>
  </datafield>
  <datafield tag="020" ind1=" " ind2=" ">
    <subfield code="a">007313290X</subfield>
  </datafield>
  <datafield tag="040" ind1=" " ind2=" ">
    <subfield code="c">PNEC</subfield>
  </datafield>
  <datafield tag="082" ind1="0" ind2="0">
    <subfield code="a">518 CHA</subfield>
  </datafield>
  <datafield tag="100" ind1="1" ind2=" ">
    <subfield code="a">Chapra, Steven C.</subfield>
  </datafield>
  <datafield tag="245" ind1="1" ind2="0">
    <subfield code="a">Applied numerical methods with MATLAB for engineers and scientists /</subfield>
    <subfield code="c">Steven C. Chapra.</subfield>
  </datafield>
  <datafield tag="250" ind1=" " ind2=" ">
    <subfield code="a">2nd ed.</subfield>
  </datafield>
  <datafield tag="260" ind1=" " ind2=" ">
    <subfield code="a">Boston :</subfield>
    <subfield code="b">McGraw-Hill Higher Education,</subfield>
    <subfield code="c">c2008.</subfield>
  </datafield>
  <datafield tag="300" ind1=" " ind2=" ">
    <subfield code="a">xx, 588 p. :</subfield>
    <subfield code="b">ill. ;</subfield>
    <subfield code="c">25 cm.</subfield>
  </datafield>
  <datafield tag="500" ind1=" " ind2=" ">
    <subfield code="a">Includes index.  http://www.amazon.com/Applied-Numerical-Methods-Engineers-Scientists/dp/007313290X/ref=sr_1_1?ie=UTF8&amp;qid=1398770606&amp;sr=8-1&amp;keywords=007313290X</subfield>
  </datafield>
  <datafield tag="504" ind1=" " ind2=" ">
    <subfield code="a">Includes bibliographical references (p. 579) and index.</subfield>
  </datafield>
  <datafield tag="630" ind1="0" ind2="0">
    <subfield code="a">MATLAB</subfield>
    <subfield code="v">Textbooks.</subfield>
  </datafield>
  <datafield tag="650" ind1=" " ind2="0">
    <subfield code="a">Numerical analysis</subfield>
    <subfield code="x">MIS, ME</subfield>
  </datafield>
  <datafield tag="856" ind1="4" ind2="2">
    <subfield code="3">Publisher description</subfield>
    <subfield code="u">http://www.loc.gov/catdir/enhancements/fy0668/2006026364-d.html</subfield>
  </datafield>
  <datafield tag="856" ind1="4" ind2="1">
    <subfield code="3">Table of contents only</subfield>
    <subfield code="u">http://www.loc.gov/catdir/enhancements/fy0668/2006026364-t.html</subfield>
  </datafield>
  <datafield tag="856" ind1="4" ind2="2">
    <subfield code="3">Contributor biographical information</subfield>
    <subfield code="u">http://www.loc.gov/catdir/enhancements/fy0737/2006026364-b.html</subfield>
  </datafield>
  <datafield tag="906" ind1=" " ind2=" ">
    <subfield code="a">7</subfield>
    <subfield code="b">cbc</subfield>
    <subfield code="c">orignew</subfield>
    <subfield code="d">1</subfield>
    <subfield code="e">ecip</subfield>
    <subfield code="f">20</subfield>
    <subfield code="g">y-gencatlg</subfield>
  </datafield>
  <datafield tag="942" ind1=" " ind2=" ">
    <subfield code="2">ddc</subfield>
    <subfield code="c">BK</subfield>
  </datafield>
  <datafield tag="999" ind1=" " ind2=" ">
    <subfield code="c">60035</subfield>
    <subfield code="d">60035</subfield>
  </datafield>
  <datafield tag="952" ind1=" " ind2=" ">
    <subfield code="0">0</subfield>
    <subfield code="1">0</subfield>
    <subfield code="2">ddc</subfield>
    <subfield code="4">0</subfield>
    <subfield code="7">0</subfield>
    <subfield code="a">PNEC</subfield>
    <subfield code="b">PNEC</subfield>
    <subfield code="d">2008-04-09</subfield>
    <subfield code="e">Fair Book Center</subfield>
    <subfield code="g">600.00</subfield>
    <subfield code="l">5</subfield>
    <subfield code="o">518 CHA</subfield>
    <subfield code="p">PNECBB-002116</subfield>
    <subfield code="r">2016-02-03</subfield>
    <subfield code="s">2016-02-03</subfield>
    <subfield code="v">600.00</subfield>
    <subfield code="w">2008-04-09</subfield>
    <subfield code="y">BK</subfield>
  </datafield>
  <datafield tag="952" ind1=" " ind2=" ">
    <subfield code="0">0</subfield>
    <subfield code="1">0</subfield>
    <subfield code="2">ddc</subfield>
    <subfield code="4">0</subfield>
    <subfield code="7">0</subfield>
    <subfield code="a">PNEC</subfield>
    <subfield code="b">PNEC</subfield>
    <subfield code="d">2008-04-09</subfield>
    <subfield code="e">Fair Book Center</subfield>
    <subfield code="g">600.00</subfield>
    <subfield code="l">2</subfield>
    <subfield code="o">518 CHA</subfield>
    <subfield code="p">PNECBB-002117</subfield>
    <subfield code="r">2016-06-02</subfield>
    <subfield code="s">2016-01-25</subfield>
    <subfield code="v">600.00</subfield>
    <subfield code="w">2008-04-09</subfield>
    <subfield code="y">BK</subfield>
  </datafield>
  <datafield tag="952" ind1=" " ind2=" ">
    <subfield code="0">0</subfield>
    <subfield code="1">0</subfield>
    <subfield code="2">ddc</subfield>
    <subfield code="4">0</subfield>
    <subfield code="7">0</subfield>
    <subfield code="a">PNEC</subfield>
    <subfield code="b">PNEC</subfield>
    <subfield code="d">2008-04-09</subfield>
    <subfield code="e">Fair Book Center</subfield>
    <subfield code="g">600.00</subfield>
    <subfield code="l">2</subfield>
    <subfield code="o">518 CHA</subfield>
    <subfield code="p">PNECBB-002118</subfield>
    <subfield code="r">2016-09-05</subfield>
    <subfield code="s">2016-09-05</subfield>
    <subfield code="v">600.00</subfield>
    <subfield code="w">2008-04-09</subfield>
    <subfield code="y">BK</subfield>
  </datafield>
  <datafield tag="952" ind1=" " ind2=" ">
    <subfield code="0">0</subfield>
    <subfield code="1">0</subfield>
    <subfield code="2">ddc</subfield>
    <subfield code="4">0</subfield>
    <subfield code="7">0</subfield>
    <subfield code="a">PNEC</subfield>
    <subfield code="b">PNEC</subfield>
    <subfield code="d">2008-04-09</subfield>
    <subfield code="e">Fair Book Center</subfield>
    <subfield code="g">600.00</subfield>
    <subfield code="l">4</subfield>
    <subfield code="o">518 CHA</subfield>
    <subfield code="p">PNECBB-002119</subfield>
    <subfield code="r">2016-06-02</subfield>
    <subfield code="s">2016-01-29</subfield>
    <subfield code="v">600.00</subfield>
    <subfield code="w">2008-04-09</subfield>
    <subfield code="y">BK</subfield>
  </datafield>
  <datafield tag="952" ind1=" " ind2=" ">
    <subfield code="0">0</subfield>
    <subfield code="1">0</subfield>
    <subfield code="2">ddc</subfield>
    <subfield code="4">0</subfield>
    <subfield code="7">0</subfield>
    <subfield code="a">PNEC</subfield>
    <subfield code="b">PNEC</subfield>
    <subfield code="d">2008-04-09</subfield>
    <subfield code="e">Fair Book Center</subfield>
    <subfield code="g">600.00</subfield>
    <subfield code="l">1</subfield>
    <subfield code="o">518 CHA</subfield>
    <subfield code="p">PNECBB-002120</subfield>
    <subfield code="r">2014-12-31</subfield>
    <subfield code="s">2014-08-29</subfield>
    <subfield code="v">600.00</subfield>
    <subfield code="w">2008-04-09</subfield>
    <subfield code="y">BK</subfield>
  </datafield>
  <datafield tag="952" ind1=" " ind2=" ">
    <subfield code="0">0</subfield>
    <subfield code="1">0</subfield>
    <subfield code="2">ddc</subfield>
    <subfield code="4">0</subfield>
    <subfield code="7">0</subfield>
    <subfield code="a">PNEC</subfield>
    <subfield code="b">PNEC</subfield>
    <subfield code="d">2008-04-09</subfield>
    <subfield code="e">Fair Book Center</subfield>
    <subfield code="g">600.00</subfield>
    <subfield code="l">3</subfield>
    <subfield code="o">518 CHA</subfield>
    <subfield code="p">PNECBB-002141</subfield>
    <subfield code="r">2016-05-27</subfield>
    <subfield code="s">2016-01-26</subfield>
    <subfield code="v">600.00</subfield>
    <subfield code="w">2008-04-09</subfield>
    <subfield code="y">BK</subfield>
  </datafield>
  <datafield tag="952" ind1=" " ind2=" ">
    <subfield code="0">0</subfield>
    <subfield code="1">0</subfield>
    <subfield code="2">ddc</subfield>
    <subfield code="4">0</subfield>
    <subfield code="7">0</subfield>
    <subfield code="a">PNEC</subfield>
    <subfield code="b">PNEC</subfield>
    <subfield code="d">2008-04-09</subfield>
    <subfield code="e">Fair Book Center</subfield>
    <subfield code="g">600.00</subfield>
    <subfield code="l">3</subfield>
    <subfield code="o">518 CHA</subfield>
    <subfield code="p">PNECBB-002142</subfield>
    <subfield code="r">2016-08-17</subfield>
    <subfield code="s">2016-08-17</subfield>
    <subfield code="v">600.00</subfield>
    <subfield code="w">2008-04-09</subfield>
    <subfield code="y">BK</subfield>
  </datafield>
  <datafield tag="952" ind1=" " ind2=" ">
    <subfield code="0">0</subfield>
    <subfield code="1">0</subfield>
    <subfield code="2">ddc</subfield>
    <subfield code="4">0</subfield>
    <subfield code="7">0</subfield>
    <subfield code="a">PNEC</subfield>
    <subfield code="b">PNEC</subfield>
    <subfield code="d">2008-04-09</subfield>
    <subfield code="e">Fair Book Center</subfield>
    <subfield code="g">600.00</subfield>
    <subfield code="l">3</subfield>
    <subfield code="o">518 CHA</subfield>
    <subfield code="p">PNECBB-002143</subfield>
    <subfield code="r">2016-06-02</subfield>
    <subfield code="s">2016-01-25</subfield>
    <subfield code="v">600.00</subfield>
    <subfield code="w">2008-04-09</subfield>
    <subfield code="y">BK</subfield>
  </datafield>
  <datafield tag="952" ind1=" " ind2=" ">
    <subfield code="0">0</subfield>
    <subfield code="1">0</subfield>
    <subfield code="2">ddc</subfield>
    <subfield code="4">0</subfield>
    <subfield code="7">0</subfield>
    <subfield code="a">PNEC</subfield>
    <subfield code="b">PNEC</subfield>
    <subfield code="d">2008-04-09</subfield>
    <subfield code="e">Fair Book Center</subfield>
    <subfield code="g">600.00</subfield>
    <subfield code="l">4</subfield>
    <subfield code="o">518 CHA</subfield>
    <subfield code="p">PNECBB-002144</subfield>
    <subfield code="r">2016-08-17</subfield>
    <subfield code="s">2016-08-17</subfield>
    <subfield code="v">600.00</subfield>
    <subfield code="w">2008-04-09</subfield>
    <subfield code="y">BK</subfield>
  </datafield>
  <datafield tag="952" ind1=" " ind2=" ">
    <subfield code="0">0</subfield>
    <subfield code="1">0</subfield>
    <subfield code="2">ddc</subfield>
    <subfield code="4">0</subfield>
    <subfield code="7">0</subfield>
    <subfield code="a">PNEC</subfield>
    <subfield code="b">PNEC</subfield>
    <subfield code="d">2008-04-09</subfield>
    <subfield code="e">Fair Book Center</subfield>
    <subfield code="g">600.00</subfield>
    <subfield code="l">2</subfield>
    <subfield code="o">518 CHA</subfield>
    <subfield code="p">PNECBB-002145</subfield>
    <subfield code="r">2016-06-02</subfield>
    <subfield code="s">2016-01-26</subfield>
    <subfield code="v">600.00</subfield>
    <subfield code="w">2008-04-09</subfield>
    <subfield code="y">BK</subfield>
  </datafield>
  <datafield tag="952" ind1=" " ind2=" ">
    <subfield code="0">0</subfield>
    <subfield code="1">0</subfield>
    <subfield code="2">ddc</subfield>
    <subfield code="4">0</subfield>
    <subfield code="7">0</subfield>
    <subfield code="a">PNEC</subfield>
    <subfield code="b">PNEC</subfield>
    <subfield code="d">2008-04-09</subfield>
    <subfield code="e">Fair Book Center</subfield>
    <subfield code="g">600.00</subfield>
    <subfield code="l">1</subfield>
    <subfield code="o">518 CHA</subfield>
    <subfield code="p">PNECBB-002146</subfield>
    <subfield code="r">2014-12-31</subfield>
    <subfield code="s">2014-09-10</subfield>
    <subfield code="v">600.00</subfield>
    <subfield code="w">2008-04-09</subfield>
    <subfield code="y">BK</subfield>
  </datafield>
  <datafield tag="952" ind1=" " ind2=" ">
    <subfield code="0">0</subfield>
    <subfield code="1">0</subfield>
    <subfield code="2">ddc</subfield>
    <subfield code="4">0</subfield>
    <subfield code="7">0</subfield>
    <subfield code="a">PNEC</subfield>
    <subfield code="b">PNEC</subfield>
    <subfield code="d">2008-04-09</subfield>
    <subfield code="e">Fair Book Center</subfield>
    <subfield code="g">600.00</subfield>
    <subfield code="l">4</subfield>
    <subfield code="o">518 CHA</subfield>
    <subfield code="p">PNECBB-002147</subfield>
    <subfield code="r">2016-05-26</subfield>
    <subfield code="s">2016-02-01</subfield>
    <subfield code="v">600.00</subfield>
    <subfield code="w">2008-04-09</subfield>
    <subfield code="y">BK</subfield>
  </datafield>
  <datafield tag="952" ind1=" " ind2=" ">
    <subfield code="0">0</subfield>
    <subfield code="1">0</subfield>
    <subfield code="2">ddc</subfield>
    <subfield code="4">0</subfield>
    <subfield code="7">0</subfield>
    <subfield code="a">PNEC</subfield>
    <subfield code="b">PNEC</subfield>
    <subfield code="d">2008-04-09</subfield>
    <subfield code="e">Fair Book Center</subfield>
    <subfield code="g">600.00</subfield>
    <subfield code="l">3</subfield>
    <subfield code="o">518 CHA</subfield>
    <subfield code="p">PNECBB-002148</subfield>
    <subfield code="r">2016-06-08</subfield>
    <subfield code="s">2016-06-08</subfield>
    <subfield code="v">600.00</subfield>
    <subfield code="w">2008-04-09</subfield>
    <subfield code="y">BK</subfield>
  </datafield>
  <datafield tag="952" ind1=" " ind2=" ">
    <subfield code="0">0</subfield>
    <subfield code="1">0</subfield>
    <subfield code="2">ddc</subfield>
    <subfield code="4">0</subfield>
    <subfield code="7">0</subfield>
    <subfield code="a">PNEC</subfield>
    <subfield code="b">PNEC</subfield>
    <subfield code="d">2008-04-09</subfield>
    <subfield code="e">Fair Book Center</subfield>
    <subfield code="g">600.00</subfield>
    <subfield code="l">3</subfield>
    <subfield code="o">518 CHA</subfield>
    <subfield code="p">PNECBB-002149</subfield>
    <subfield code="r">2016-09-08</subfield>
    <subfield code="s">2016-09-08</subfield>
    <subfield code="v">600.00</subfield>
    <subfield code="w">2008-04-09</subfield>
    <subfield code="y">BK</subfield>
  </datafield>
  <datafield tag="952" ind1=" " ind2=" ">
    <subfield code="0">0</subfield>
    <subfield code="1">0</subfield>
    <subfield code="2">ddc</subfield>
    <subfield code="4">0</subfield>
    <subfield code="7">0</subfield>
    <subfield code="a">PNEC</subfield>
    <subfield code="b">PNEC</subfield>
    <subfield code="d">2008-04-09</subfield>
    <subfield code="e">Fair Book Center</subfield>
    <subfield code="g">600.00</subfield>
    <subfield code="l">3</subfield>
    <subfield code="o">518 CHA</subfield>
    <subfield code="p">PNECBB-002150</subfield>
    <subfield code="r">2016-09-20</subfield>
    <subfield code="s">2016-09-20</subfield>
    <subfield code="v">600.00</subfield>
    <subfield code="w">2008-04-09</subfield>
    <subfield code="y">BK</subfield>
  </datafield>
  <datafield tag="952" ind1=" " ind2=" ">
    <subfield code="0">0</subfield>
    <subfield code="1">0</subfield>
    <subfield code="2">ddc</subfield>
    <subfield code="4">0</subfield>
    <subfield code="7">0</subfield>
    <subfield code="a">PNEC</subfield>
    <subfield code="b">PNEC</subfield>
    <subfield code="d">2008-04-09</subfield>
    <subfield code="e">Fair Book Center</subfield>
    <subfield code="g">600.00</subfield>
    <subfield code="l">4</subfield>
    <subfield code="o">518 CHA</subfield>
    <subfield code="p">PNECBB-002151</subfield>
    <subfield code="r">2016-08-19</subfield>
    <subfield code="s">2016-08-19</subfield>
    <subfield code="v">600.00</subfield>
    <subfield code="w">2008-04-09</subfield>
    <subfield code="y">BK</subfield>
  </datafield>
  <datafield tag="952" ind1=" " ind2=" ">
    <subfield code="0">0</subfield>
    <subfield code="1">0</subfield>
    <subfield code="2">ddc</subfield>
    <subfield code="4">0</subfield>
    <subfield code="7">0</subfield>
    <subfield code="a">PNEC</subfield>
    <subfield code="b">PNEC</subfield>
    <subfield code="d">2008-04-09</subfield>
    <subfield code="e">Fair Book Center</subfield>
    <subfield code="g">600.00</subfield>
    <subfield code="l">2</subfield>
    <subfield code="o">518 CHA</subfield>
    <subfield code="p">PNECBB-002152</subfield>
    <subfield code="r">2016-06-02</subfield>
    <subfield code="s">2016-01-25</subfield>
    <subfield code="v">600.00</subfield>
    <subfield code="w">2008-04-09</subfield>
    <subfield code="y">BK</subfield>
  </datafield>
  <datafield tag="952" ind1=" " ind2=" ">
    <subfield code="0">0</subfield>
    <subfield code="1">0</subfield>
    <subfield code="2">ddc</subfield>
    <subfield code="4">0</subfield>
    <subfield code="7">0</subfield>
    <subfield code="a">PNEC</subfield>
    <subfield code="b">PNEC</subfield>
    <subfield code="d">2008-04-09</subfield>
    <subfield code="e">Fair Book Center</subfield>
    <subfield code="g">600.00</subfield>
    <subfield code="l">4</subfield>
    <subfield code="o">518 CHA</subfield>
    <subfield code="p">PNECBB-002153</subfield>
    <subfield code="r">2016-06-09</subfield>
    <subfield code="s">2016-06-09</subfield>
    <subfield code="v">600.00</subfield>
    <subfield code="w">2008-04-09</subfield>
    <subfield code="y">BK</subfield>
  </datafield>
  <datafield tag="952" ind1=" " ind2=" ">
    <subfield code="0">0</subfield>
    <subfield code="1">0</subfield>
    <subfield code="2">ddc</subfield>
    <subfield code="4">0</subfield>
    <subfield code="7">0</subfield>
    <subfield code="a">PNEC</subfield>
    <subfield code="b">PNEC</subfield>
    <subfield code="d">2008-04-09</subfield>
    <subfield code="e">Fair Book Center</subfield>
    <subfield code="g">600.00</subfield>
    <subfield code="l">3</subfield>
    <subfield code="o">518 CHA</subfield>
    <subfield code="p">PNECBB-002154</subfield>
    <subfield code="r">2016-01-01</subfield>
    <subfield code="s">2015-09-03</subfield>
    <subfield code="v">600.00</subfield>
    <subfield code="w">2008-04-09</subfield>
    <subfield code="y">BK</subfield>
  </datafield>
  <datafield tag="952" ind1=" " ind2=" ">
    <subfield code="0">0</subfield>
    <subfield code="1">0</subfield>
    <subfield code="2">ddc</subfield>
    <subfield code="4">0</subfield>
    <subfield code="7">0</subfield>
    <subfield code="a">PNEC</subfield>
    <subfield code="b">PNEC</subfield>
    <subfield code="d">2008-04-09</subfield>
    <subfield code="e">Fair Book Center</subfield>
    <subfield code="g">600.00</subfield>
    <subfield code="l">5</subfield>
    <subfield code="o">518 CHA</subfield>
    <subfield code="p">PNECBB-002155</subfield>
    <subfield code="r">2016-08-30</subfield>
    <subfield code="s">2016-08-30</subfield>
    <subfield code="v">600.00</subfield>
    <subfield code="w">2008-04-09</subfield>
    <subfield code="y">BK</subfield>
  </datafield>
  <datafield tag="952" ind1=" " ind2=" ">
    <subfield code="0">0</subfield>
    <subfield code="1">0</subfield>
    <subfield code="2">ddc</subfield>
    <subfield code="4">0</subfield>
    <subfield code="7">0</subfield>
    <subfield code="a">PNEC</subfield>
    <subfield code="b">PNEC</subfield>
    <subfield code="d">2008-04-09</subfield>
    <subfield code="e">Fair Book Center</subfield>
    <subfield code="g">600.00</subfield>
    <subfield code="l">2</subfield>
    <subfield code="o">518 CHA</subfield>
    <subfield code="p">PNECBB-002156</subfield>
    <subfield code="r">2016-06-02</subfield>
    <subfield code="s">2016-01-25</subfield>
    <subfield code="v">600.00</subfield>
    <subfield code="w">2008-04-09</subfield>
    <subfield code="y">BK</subfield>
  </datafield>
  <datafield tag="952" ind1=" " ind2=" ">
    <subfield code="0">0</subfield>
    <subfield code="1">0</subfield>
    <subfield code="2">ddc</subfield>
    <subfield code="4">0</subfield>
    <subfield code="7">0</subfield>
    <subfield code="a">PNEC</subfield>
    <subfield code="b">PNEC</subfield>
    <subfield code="d">2008-04-09</subfield>
    <subfield code="e">Fair Book Center</subfield>
    <subfield code="g">600.00</subfield>
    <subfield code="l">1</subfield>
    <subfield code="o">518 CHA</subfield>
    <subfield code="p">PNECBB-002157</subfield>
    <subfield code="r">2014-12-31</subfield>
    <subfield code="s">2014-08-29</subfield>
    <subfield code="v">600.00</subfield>
    <subfield code="w">2008-04-09</subfield>
    <subfield code="y">BK</subfield>
  </datafield>
  <datafield tag="952" ind1=" " ind2=" ">
    <subfield code="0">0</subfield>
    <subfield code="1">0</subfield>
    <subfield code="2">ddc</subfield>
    <subfield code="4">0</subfield>
    <subfield code="7">0</subfield>
    <subfield code="a">PNEC</subfield>
    <subfield code="b">PNEC</subfield>
    <subfield code="d">2008-04-09</subfield>
    <subfield code="e">Fair Book Center</subfield>
    <subfield code="g">600.00</subfield>
    <subfield code="l">2</subfield>
    <subfield code="o">518 CHA</subfield>
    <subfield code="p">PNECBB-002158</subfield>
    <subfield code="r">2016-05-26</subfield>
    <subfield code="s">2016-01-25</subfield>
    <subfield code="v">600.00</subfield>
    <subfield code="w">2008-04-09</subfield>
    <subfield code="y">BK</subfield>
  </datafield>
  <datafield tag="952" ind1=" " ind2=" ">
    <subfield code="0">0</subfield>
    <subfield code="1">0</subfield>
    <subfield code="2">ddc</subfield>
    <subfield code="4">0</subfield>
    <subfield code="7">0</subfield>
    <subfield code="a">PNEC</subfield>
    <subfield code="b">PNEC</subfield>
    <subfield code="d">2008-04-09</subfield>
    <subfield code="e">Fair Book Center</subfield>
    <subfield code="g">600.00</subfield>
    <subfield code="l">3</subfield>
    <subfield code="o">518 CHA</subfield>
    <subfield code="p">PNECBB-002159</subfield>
    <subfield code="r">2016-01-01</subfield>
    <subfield code="s">2015-08-20</subfield>
    <subfield code="v">600.00</subfield>
    <subfield code="w">2008-04-09</subfield>
    <subfield code="y">BK</subfield>
  </datafield>
  <datafield tag="952" ind1=" " ind2=" ">
    <subfield code="0">0</subfield>
    <subfield code="1">0</subfield>
    <subfield code="2">ddc</subfield>
    <subfield code="4">0</subfield>
    <subfield code="7">0</subfield>
    <subfield code="a">PNEC</subfield>
    <subfield code="b">PNEC</subfield>
    <subfield code="d">2008-04-09</subfield>
    <subfield code="e">Fair Book Center</subfield>
    <subfield code="g">600.00</subfield>
    <subfield code="l">4</subfield>
    <subfield code="o">518 CHA</subfield>
    <subfield code="p">PNECBB-002160</subfield>
    <subfield code="r">2016-08-19</subfield>
    <subfield code="s">2016-08-19</subfield>
    <subfield code="v">600.00</subfield>
    <subfield code="w">2008-04-09</subfield>
    <subfield code="y">BK</subfield>
  </datafield>
  <datafield tag="952" ind1=" " ind2=" ">
    <subfield code="0">0</subfield>
    <subfield code="1">0</subfield>
    <subfield code="2">ddc</subfield>
    <subfield code="4">0</subfield>
    <subfield code="7">0</subfield>
    <subfield code="a">PNEC</subfield>
    <subfield code="b">PNEC</subfield>
    <subfield code="d">2008-04-09</subfield>
    <subfield code="e">Fair Book Center</subfield>
    <subfield code="g">600.00</subfield>
    <subfield code="l">3</subfield>
    <subfield code="o">518 CHA</subfield>
    <subfield code="p">PNECBB-002161</subfield>
    <subfield code="r">2016-08-18</subfield>
    <subfield code="s">2016-08-18</subfield>
    <subfield code="v">600.00</subfield>
    <subfield code="w">2008-04-09</subfield>
    <subfield code="y">BK</subfield>
  </datafield>
  <datafield tag="952" ind1=" " ind2=" ">
    <subfield code="0">0</subfield>
    <subfield code="1">0</subfield>
    <subfield code="2">ddc</subfield>
    <subfield code="4">0</subfield>
    <subfield code="7">0</subfield>
    <subfield code="a">PNEC</subfield>
    <subfield code="b">PNEC</subfield>
    <subfield code="d">2008-04-09</subfield>
    <subfield code="e">Fair Book Center</subfield>
    <subfield code="g">600.00</subfield>
    <subfield code="l">5</subfield>
    <subfield code="o">518 CHA</subfield>
    <subfield code="p">PNECBB-002162</subfield>
    <subfield code="r">2016-08-19</subfield>
    <subfield code="s">2016-08-19</subfield>
    <subfield code="v">600.00</subfield>
    <subfield code="w">2008-04-09</subfield>
    <subfield code="y">BK</subfield>
  </datafield>
  <datafield tag="952" ind1=" " ind2=" ">
    <subfield code="0">0</subfield>
    <subfield code="1">0</subfield>
    <subfield code="2">ddc</subfield>
    <subfield code="4">0</subfield>
    <subfield code="7">0</subfield>
    <subfield code="a">PNEC</subfield>
    <subfield code="b">PNEC</subfield>
    <subfield code="d">2008-04-09</subfield>
    <subfield code="e">Fair Book Center</subfield>
    <subfield code="g">600.00</subfield>
    <subfield code="l">1</subfield>
    <subfield code="o">518 CHA</subfield>
    <subfield code="p">PNECBB-002163</subfield>
    <subfield code="r">2014-12-31</subfield>
    <subfield code="s">2014-08-28</subfield>
    <subfield code="v">600.00</subfield>
    <subfield code="w">2008-04-09</subfield>
    <subfield code="y">BK</subfield>
  </datafield>
  <datafield tag="952" ind1=" " ind2=" ">
    <subfield code="0">0</subfield>
    <subfield code="1">0</subfield>
    <subfield code="2">ddc</subfield>
    <subfield code="4">0</subfield>
    <subfield code="7">0</subfield>
    <subfield code="a">PNEC</subfield>
    <subfield code="b">PNEC</subfield>
    <subfield code="d">2008-04-09</subfield>
    <subfield code="e">Fair Book Center</subfield>
    <subfield code="g">600.00</subfield>
    <subfield code="l">2</subfield>
    <subfield code="o">518 CHA</subfield>
    <subfield code="p">PNECBB-002164</subfield>
    <subfield code="r">2016-06-02</subfield>
    <subfield code="s">2016-01-26</subfield>
    <subfield code="v">600.00</subfield>
    <subfield code="w">2008-04-09</subfield>
    <subfield code="y">BK</subfield>
  </datafield>
  <datafield tag="952" ind1=" " ind2=" ">
    <subfield code="0">0</subfield>
    <subfield code="1">0</subfield>
    <subfield code="2">ddc</subfield>
    <subfield code="4">0</subfield>
    <subfield code="7">0</subfield>
    <subfield code="a">PNEC</subfield>
    <subfield code="b">PNEC</subfield>
    <subfield code="d">2008-04-09</subfield>
    <subfield code="e">Fair Book Center</subfield>
    <subfield code="g">600.00</subfield>
    <subfield code="l">4</subfield>
    <subfield code="o">518 CHA</subfield>
    <subfield code="p">PNECBB-002165</subfield>
    <subfield code="r">2016-08-17</subfield>
    <subfield code="s">2016-08-17</subfield>
    <subfield code="v">600.00</subfield>
    <subfield code="w">2008-04-09</subfield>
    <subfield code="y">BK</subfield>
  </datafield>
  <datafield tag="952" ind1=" " ind2=" ">
    <subfield code="0">0</subfield>
    <subfield code="1">0</subfield>
    <subfield code="2">ddc</subfield>
    <subfield code="4">0</subfield>
    <subfield code="7">0</subfield>
    <subfield code="a">PNEC</subfield>
    <subfield code="b">PNEC</subfield>
    <subfield code="d">2008-04-09</subfield>
    <subfield code="e">Fair Book Center</subfield>
    <subfield code="g">600.00</subfield>
    <subfield code="l">3</subfield>
    <subfield code="o">518 CHA</subfield>
    <subfield code="p">PNECBB-002166</subfield>
    <subfield code="r">2016-09-05</subfield>
    <subfield code="s">2016-09-05</subfield>
    <subfield code="v">600.00</subfield>
    <subfield code="w">2008-04-09</subfield>
    <subfield code="y">BK</subfield>
  </datafield>
  <datafield tag="952" ind1=" " ind2=" ">
    <subfield code="0">0</subfield>
    <subfield code="1">0</subfield>
    <subfield code="2">ddc</subfield>
    <subfield code="4">0</subfield>
    <subfield code="7">0</subfield>
    <subfield code="a">PNEC</subfield>
    <subfield code="b">PNEC</subfield>
    <subfield code="d">2008-04-09</subfield>
    <subfield code="e">Fair Book Center</subfield>
    <subfield code="g">600.00</subfield>
    <subfield code="l">2</subfield>
    <subfield code="o">518 CHA</subfield>
    <subfield code="p">PNECBB-002167</subfield>
    <subfield code="r">2016-08-17</subfield>
    <subfield code="s">2016-08-17</subfield>
    <subfield code="v">600.00</subfield>
    <subfield code="w">2008-04-09</subfield>
    <subfield code="y">BK</subfield>
  </datafield>
  <datafield tag="952" ind1=" " ind2=" ">
    <subfield code="0">0</subfield>
    <subfield code="1">0</subfield>
    <subfield code="2">ddc</subfield>
    <subfield code="4">0</subfield>
    <subfield code="7">0</subfield>
    <subfield code="a">PNEC</subfield>
    <subfield code="b">PNEC</subfield>
    <subfield code="d">2008-04-09</subfield>
    <subfield code="e">Fair Book Center</subfield>
    <subfield code="g">600.00</subfield>
    <subfield code="l">1</subfield>
    <subfield code="o">518 CHA</subfield>
    <subfield code="p">PNECBB-002168</subfield>
    <subfield code="r">2014-12-31</subfield>
    <subfield code="s">2014-08-29</subfield>
    <subfield code="v">600.00</subfield>
    <subfield code="w">2008-04-09</subfield>
    <subfield code="y">BK</subfield>
  </datafield>
  <datafield tag="952" ind1=" " ind2=" ">
    <subfield code="0">0</subfield>
    <subfield code="1">0</subfield>
    <subfield code="2">ddc</subfield>
    <subfield code="4">0</subfield>
    <subfield code="7">0</subfield>
    <subfield code="a">PNEC</subfield>
    <subfield code="b">PNEC</subfield>
    <subfield code="d">2008-04-09</subfield>
    <subfield code="e">Fair Book Center</subfield>
    <subfield code="g">600.00</subfield>
    <subfield code="l">4</subfield>
    <subfield code="o">518 CHA</subfield>
    <subfield code="p">PNECBB-002169</subfield>
    <subfield code="r">2016-09-05</subfield>
    <subfield code="s">2016-09-05</subfield>
    <subfield code="v">600.00</subfield>
    <subfield code="w">2008-04-09</subfield>
    <subfield code="y">BK</subfield>
  </datafield>
  <datafield tag="952" ind1=" " ind2=" ">
    <subfield code="0">0</subfield>
    <subfield code="1">0</subfield>
    <subfield code="2">ddc</subfield>
    <subfield code="4">0</subfield>
    <subfield code="7">0</subfield>
    <subfield code="a">PNEC</subfield>
    <subfield code="b">PNEC</subfield>
    <subfield code="d">2008-04-09</subfield>
    <subfield code="e">Fair Book Center</subfield>
    <subfield code="g">600.00</subfield>
    <subfield code="l">2</subfield>
    <subfield code="o">518 CHA</subfield>
    <subfield code="p">PNECBB-002170</subfield>
    <subfield code="r">2016-01-01</subfield>
    <subfield code="s">2015-08-19</subfield>
    <subfield code="v">600.00</subfield>
    <subfield code="w">2008-04-09</subfield>
    <subfield code="y">BK</subfield>
  </datafield>
  <datafield tag="952" ind1=" " ind2=" ">
    <subfield code="0">0</subfield>
    <subfield code="1">0</subfield>
    <subfield code="2">ddc</subfield>
    <subfield code="4">0</subfield>
    <subfield code="7">0</subfield>
    <subfield code="a">PNEC</subfield>
    <subfield code="b">PNEC</subfield>
    <subfield code="d">2008-04-09</subfield>
    <subfield code="e">Fair Book Center</subfield>
    <subfield code="g">600.00</subfield>
    <subfield code="l">3</subfield>
    <subfield code="o">518 CHA</subfield>
    <subfield code="p">PNECBB-002171</subfield>
    <subfield code="r">2016-09-30</subfield>
    <subfield code="s">2016-09-30</subfield>
    <subfield code="v">600.00</subfield>
    <subfield code="w">2008-04-09</subfield>
    <subfield code="y">BK</subfield>
  </datafield>
  <datafield tag="952" ind1=" " ind2=" ">
    <subfield code="0">0</subfield>
    <subfield code="1">0</subfield>
    <subfield code="2">ddc</subfield>
    <subfield code="4">0</subfield>
    <subfield code="7">0</subfield>
    <subfield code="a">PNEC</subfield>
    <subfield code="b">PNEC</subfield>
    <subfield code="d">2008-04-09</subfield>
    <subfield code="e">Fair Book Center</subfield>
    <subfield code="g">600.00</subfield>
    <subfield code="l">2</subfield>
    <subfield code="o">518 CHA</subfield>
    <subfield code="p">PNECBB-002172</subfield>
    <subfield code="r">2016-01-25</subfield>
    <subfield code="s">2016-01-25</subfield>
    <subfield code="v">600.00</subfield>
    <subfield code="w">2008-04-09</subfield>
    <subfield code="y">BK</subfield>
  </datafield>
  <datafield tag="952" ind1=" " ind2=" ">
    <subfield code="0">0</subfield>
    <subfield code="1">0</subfield>
    <subfield code="2">ddc</subfield>
    <subfield code="4">0</subfield>
    <subfield code="7">0</subfield>
    <subfield code="a">PNEC</subfield>
    <subfield code="b">PNEC</subfield>
    <subfield code="d">2008-04-09</subfield>
    <subfield code="e">Fair Book Center</subfield>
    <subfield code="g">600.00</subfield>
    <subfield code="l">4</subfield>
    <subfield code="o">518 CHA</subfield>
    <subfield code="p">PNECBB-002173</subfield>
    <subfield code="r">2016-08-17</subfield>
    <subfield code="s">2016-08-17</subfield>
    <subfield code="v">600.00</subfield>
    <subfield code="w">2008-04-09</subfield>
    <subfield code="y">BK</subfield>
  </datafield>
  <datafield tag="952" ind1=" " ind2=" ">
    <subfield code="0">0</subfield>
    <subfield code="1">0</subfield>
    <subfield code="2">ddc</subfield>
    <subfield code="4">0</subfield>
    <subfield code="7">0</subfield>
    <subfield code="a">PNEC</subfield>
    <subfield code="b">PNEC</subfield>
    <subfield code="d">2008-04-09</subfield>
    <subfield code="e">Fair Book Center</subfield>
    <subfield code="g">600.00</subfield>
    <subfield code="l">5</subfield>
    <subfield code="o">518 CHA</subfield>
    <subfield code="p">PNECBB-002174</subfield>
    <subfield code="r">2016-09-06</subfield>
    <subfield code="s">2016-09-06</subfield>
    <subfield code="v">600.00</subfield>
    <subfield code="w">2008-04-09</subfield>
    <subfield code="y">BK</subfield>
  </datafield>
  <datafield tag="952" ind1=" " ind2=" ">
    <subfield code="0">0</subfield>
    <subfield code="1">0</subfield>
    <subfield code="2">ddc</subfield>
    <subfield code="4">0</subfield>
    <subfield code="7">0</subfield>
    <subfield code="a">PNEC</subfield>
    <subfield code="b">PNEC</subfield>
    <subfield code="d">2008-04-09</subfield>
    <subfield code="e">Fair Book Center</subfield>
    <subfield code="g">600.00</subfield>
    <subfield code="l">2</subfield>
    <subfield code="o">518 CHA</subfield>
    <subfield code="p">PNECBB-002175</subfield>
    <subfield code="r">2016-01-04</subfield>
    <subfield code="s">2015-08-19</subfield>
    <subfield code="v">600.00</subfield>
    <subfield code="w">2008-04-09</subfield>
    <subfield code="y">BK</subfield>
  </datafield>
  <datafield tag="952" ind1=" " ind2=" ">
    <subfield code="0">0</subfield>
    <subfield code="1">0</subfield>
    <subfield code="2">ddc</subfield>
    <subfield code="4">0</subfield>
    <subfield code="7">0</subfield>
    <subfield code="a">PNEC</subfield>
    <subfield code="b">PNEC</subfield>
    <subfield code="d">2008-04-09</subfield>
    <subfield code="e">Fair Book Center</subfield>
    <subfield code="g">600.00</subfield>
    <subfield code="l">3</subfield>
    <subfield code="o">518 CHA</subfield>
    <subfield code="p">PNECBB-002176</subfield>
    <subfield code="r">2016-08-17</subfield>
    <subfield code="s">2016-08-17</subfield>
    <subfield code="v">600.00</subfield>
    <subfield code="w">2008-04-09</subfield>
    <subfield code="y">BK</subfield>
  </datafield>
  <datafield tag="952" ind1=" " ind2=" ">
    <subfield code="0">0</subfield>
    <subfield code="1">0</subfield>
    <subfield code="2">ddc</subfield>
    <subfield code="4">0</subfield>
    <subfield code="7">0</subfield>
    <subfield code="a">PNEC</subfield>
    <subfield code="b">PNEC</subfield>
    <subfield code="d">2008-04-09</subfield>
    <subfield code="e">Fair Book Center</subfield>
    <subfield code="g">600.00</subfield>
    <subfield code="l">1</subfield>
    <subfield code="o">518 CHA</subfield>
    <subfield code="p">PNECBB-002177</subfield>
    <subfield code="r">2016-01-22</subfield>
    <subfield code="s">2015-08-20</subfield>
    <subfield code="v">600.00</subfield>
    <subfield code="w">2008-04-09</subfield>
    <subfield code="y">BK</subfield>
  </datafield>
  <datafield tag="952" ind1=" " ind2=" ">
    <subfield code="0">0</subfield>
    <subfield code="1">0</subfield>
    <subfield code="2">ddc</subfield>
    <subfield code="4">0</subfield>
    <subfield code="7">0</subfield>
    <subfield code="a">PNEC</subfield>
    <subfield code="b">PNEC</subfield>
    <subfield code="d">2008-04-09</subfield>
    <subfield code="e">Fair Book Center</subfield>
    <subfield code="g">600.00</subfield>
    <subfield code="l">2</subfield>
    <subfield code="o">518 CHA</subfield>
    <subfield code="p">PNECBB-002178</subfield>
    <subfield code="r">2016-01-04</subfield>
    <subfield code="s">2015-08-20</subfield>
    <subfield code="v">600.00</subfield>
    <subfield code="w">2008-04-09</subfield>
    <subfield code="y">BK</subfield>
  </datafield>
  <datafield tag="952" ind1=" " ind2=" ">
    <subfield code="0">0</subfield>
    <subfield code="1">0</subfield>
    <subfield code="2">ddc</subfield>
    <subfield code="4">0</subfield>
    <subfield code="7">0</subfield>
    <subfield code="a">PNEC</subfield>
    <subfield code="b">PNEC</subfield>
    <subfield code="d">2008-04-09</subfield>
    <subfield code="e">Fair Book Center</subfield>
    <subfield code="g">600.00</subfield>
    <subfield code="l">1</subfield>
    <subfield code="o">518 CHA</subfield>
    <subfield code="p">PNECBB-002179</subfield>
    <subfield code="r">2016-05-27</subfield>
    <subfield code="s">2014-08-29</subfield>
    <subfield code="v">600.00</subfield>
    <subfield code="w">2008-04-09</subfield>
    <subfield code="y">BK</subfield>
  </datafield>
  <datafield tag="952" ind1=" " ind2=" ">
    <subfield code="0">0</subfield>
    <subfield code="1">0</subfield>
    <subfield code="2">ddc</subfield>
    <subfield code="4">0</subfield>
    <subfield code="7">0</subfield>
    <subfield code="a">PNEC</subfield>
    <subfield code="b">PNEC</subfield>
    <subfield code="d">2008-04-09</subfield>
    <subfield code="e">Fair Book Center</subfield>
    <subfield code="g">600.00</subfield>
    <subfield code="l">2</subfield>
    <subfield code="o">518 CHA</subfield>
    <subfield code="p">PNECBB-002180</subfield>
    <subfield code="r">2016-06-02</subfield>
    <subfield code="s">2016-01-22</subfield>
    <subfield code="v">600.00</subfield>
    <subfield code="w">2008-04-09</subfield>
    <subfield code="y">BK</subfield>
  </datafield>
  <datafield tag="952" ind1=" " ind2=" ">
    <subfield code="0">0</subfield>
    <subfield code="1">0</subfield>
    <subfield code="2">ddc</subfield>
    <subfield code="4">0</subfield>
    <subfield code="7">0</subfield>
    <subfield code="a">PNEC</subfield>
    <subfield code="b">PNEC</subfield>
    <subfield code="d">2008-04-09</subfield>
    <subfield code="e">Fair Book Center</subfield>
    <subfield code="g">600.00</subfield>
    <subfield code="l">2</subfield>
    <subfield code="o">518 CHA</subfield>
    <subfield code="p">PNECBB-002181</subfield>
    <subfield code="r">2016-04-11</subfield>
    <subfield code="s">2015-01-29</subfield>
    <subfield code="v">600.00</subfield>
    <subfield code="w">2008-04-09</subfield>
    <subfield code="y">BK</subfield>
  </datafield>
  <datafield tag="952" ind1=" " ind2=" ">
    <subfield code="0">0</subfield>
    <subfield code="1">0</subfield>
    <subfield code="2">ddc</subfield>
    <subfield code="4">0</subfield>
    <subfield code="7">0</subfield>
    <subfield code="a">PNEC</subfield>
    <subfield code="b">PNEC</subfield>
    <subfield code="d">2008-04-09</subfield>
    <subfield code="e">Fair Book Center</subfield>
    <subfield code="g">600.00</subfield>
    <subfield code="l">4</subfield>
    <subfield code="o">518 CHA</subfield>
    <subfield code="p">PNECBB-002182</subfield>
    <subfield code="r">2016-06-17</subfield>
    <subfield code="s">2016-06-17</subfield>
    <subfield code="v">600.00</subfield>
    <subfield code="w">2008-04-09</subfield>
    <subfield code="y">BK</subfield>
  </datafield>
  <datafield tag="952" ind1=" " ind2=" ">
    <subfield code="0">0</subfield>
    <subfield code="1">0</subfield>
    <subfield code="2">ddc</subfield>
    <subfield code="4">0</subfield>
    <subfield code="7">0</subfield>
    <subfield code="a">PNEC</subfield>
    <subfield code="b">PNEC</subfield>
    <subfield code="d">2008-04-09</subfield>
    <subfield code="e">Fair Book Center</subfield>
    <subfield code="g">600.00</subfield>
    <subfield code="l">2</subfield>
    <subfield code="o">518 CHA</subfield>
    <subfield code="p">PNECBB-002183</subfield>
    <subfield code="r">2015-12-30</subfield>
    <subfield code="s">2015-08-20</subfield>
    <subfield code="v">600.00</subfield>
    <subfield code="w">2008-04-09</subfield>
    <subfield code="y">BK</subfield>
  </datafield>
  <datafield tag="952" ind1=" " ind2=" ">
    <subfield code="0">0</subfield>
    <subfield code="1">0</subfield>
    <subfield code="2">ddc</subfield>
    <subfield code="4">0</subfield>
    <subfield code="7">0</subfield>
    <subfield code="a">PNEC</subfield>
    <subfield code="b">PNEC</subfield>
    <subfield code="d">2008-04-09</subfield>
    <subfield code="e">Fair Book Center</subfield>
    <subfield code="g">600.00</subfield>
    <subfield code="l">3</subfield>
    <subfield code="o">518 CHA</subfield>
    <subfield code="p">PNECBB-002184</subfield>
    <subfield code="r">2016-01-04</subfield>
    <subfield code="s">2015-08-19</subfield>
    <subfield code="v">600.00</subfield>
    <subfield code="w">2008-04-09</subfield>
    <subfield code="y">BK</subfield>
  </datafield>
  <datafield tag="952" ind1=" " ind2=" ">
    <subfield code="0">0</subfield>
    <subfield code="1">0</subfield>
    <subfield code="2">ddc</subfield>
    <subfield code="4">0</subfield>
    <subfield code="7">0</subfield>
    <subfield code="a">PNEC</subfield>
    <subfield code="b">PNEC</subfield>
    <subfield code="d">2008-04-09</subfield>
    <subfield code="e">Fair Book Center</subfield>
    <subfield code="g">600.00</subfield>
    <subfield code="l">2</subfield>
    <subfield code="o">518 CHA</subfield>
    <subfield code="p">PNECBB-002185</subfield>
    <subfield code="r">2016-01-02</subfield>
    <subfield code="s">2015-08-19</subfield>
    <subfield code="v">600.00</subfield>
    <subfield code="w">2008-04-09</subfield>
    <subfield code="y">BK</subfield>
  </datafield>
  <datafield tag="952" ind1=" " ind2=" ">
    <subfield code="0">0</subfield>
    <subfield code="1">0</subfield>
    <subfield code="2">ddc</subfield>
    <subfield code="4">0</subfield>
    <subfield code="7">0</subfield>
    <subfield code="a">PNEC</subfield>
    <subfield code="b">PNEC</subfield>
    <subfield code="d">2008-04-09</subfield>
    <subfield code="e">Fair Book Center</subfield>
    <subfield code="g">600.00</subfield>
    <subfield code="l">1</subfield>
    <subfield code="o">518 CHA</subfield>
    <subfield code="p">PNECBB-002186</subfield>
    <subfield code="r">2016-01-01</subfield>
    <subfield code="s">2015-08-19</subfield>
    <subfield code="v">600.00</subfield>
    <subfield code="w">2008-04-09</subfield>
    <subfield code="y">BK</subfield>
  </datafield>
  <datafield tag="952" ind1=" " ind2=" ">
    <subfield code="0">0</subfield>
    <subfield code="1">0</subfield>
    <subfield code="2">ddc</subfield>
    <subfield code="4">0</subfield>
    <subfield code="7">0</subfield>
    <subfield code="a">PNEC</subfield>
    <subfield code="b">PNEC</subfield>
    <subfield code="d">2008-04-09</subfield>
    <subfield code="e">Fair Book Center</subfield>
    <subfield code="g">600.00</subfield>
    <subfield code="l">4</subfield>
    <subfield code="o">518 CHA</subfield>
    <subfield code="p">PNECBB-002187</subfield>
    <subfield code="r">2016-08-17</subfield>
    <subfield code="s">2016-08-17</subfield>
    <subfield code="v">600.00</subfield>
    <subfield code="w">2008-04-09</subfield>
    <subfield code="y">BK</subfield>
  </datafield>
  <datafield tag="952" ind1=" " ind2=" ">
    <subfield code="0">0</subfield>
    <subfield code="1">0</subfield>
    <subfield code="2">ddc</subfield>
    <subfield code="4">0</subfield>
    <subfield code="7">0</subfield>
    <subfield code="a">PNEC</subfield>
    <subfield code="b">PNEC</subfield>
    <subfield code="d">2008-04-09</subfield>
    <subfield code="e">Fair Book Center</subfield>
    <subfield code="g">600.00</subfield>
    <subfield code="l">4</subfield>
    <subfield code="o">518 CHA</subfield>
    <subfield code="p">PNECBB-002188</subfield>
    <subfield code="r">2016-06-08</subfield>
    <subfield code="s">2016-06-08</subfield>
    <subfield code="v">600.00</subfield>
    <subfield code="w">2008-04-09</subfield>
    <subfield code="y">BK</subfield>
  </datafield>
  <datafield tag="952" ind1=" " ind2=" ">
    <subfield code="0">0</subfield>
    <subfield code="1">0</subfield>
    <subfield code="2">ddc</subfield>
    <subfield code="4">0</subfield>
    <subfield code="7">0</subfield>
    <subfield code="a">PNEC</subfield>
    <subfield code="b">PNEC</subfield>
    <subfield code="d">2008-04-09</subfield>
    <subfield code="e">Fair Book Center</subfield>
    <subfield code="g">600.00</subfield>
    <subfield code="l">1</subfield>
    <subfield code="o">518 CHA</subfield>
    <subfield code="p">PNECBB-002189</subfield>
    <subfield code="r">2014-12-31</subfield>
    <subfield code="s">2014-08-28</subfield>
    <subfield code="v">600.00</subfield>
    <subfield code="w">2008-04-09</subfield>
    <subfield code="y">BK</subfield>
  </datafield>
  <datafield tag="952" ind1=" " ind2=" ">
    <subfield code="0">0</subfield>
    <subfield code="1">0</subfield>
    <subfield code="2">ddc</subfield>
    <subfield code="4">0</subfield>
    <subfield code="7">0</subfield>
    <subfield code="a">PNEC</subfield>
    <subfield code="b">PNEC</subfield>
    <subfield code="d">2008-04-09</subfield>
    <subfield code="e">Fair Book Center</subfield>
    <subfield code="g">600.00</subfield>
    <subfield code="l">4</subfield>
    <subfield code="o">518 CHA</subfield>
    <subfield code="p">PNECBB-002190</subfield>
    <subfield code="r">2016-08-18</subfield>
    <subfield code="s">2016-08-18</subfield>
    <subfield code="v">600.00</subfield>
    <subfield code="w">2008-04-09</subfield>
    <subfield code="y">BK</subfield>
  </datafield>
  <datafield tag="952" ind1=" " ind2=" ">
    <subfield code="0">0</subfield>
    <subfield code="1">0</subfield>
    <subfield code="2">ddc</subfield>
    <subfield code="4">0</subfield>
    <subfield code="7">0</subfield>
    <subfield code="a">PNEC</subfield>
    <subfield code="b">PNEC</subfield>
    <subfield code="d">2008-04-09</subfield>
    <subfield code="e">Fair Book Center</subfield>
    <subfield code="g">600.00</subfield>
    <subfield code="l">1</subfield>
    <subfield code="o">518 CHA</subfield>
    <subfield code="p">PNECBB-002191</subfield>
    <subfield code="r">2014-12-31</subfield>
    <subfield code="s">2014-08-29</subfield>
    <subfield code="v">600.00</subfield>
    <subfield code="w">2008-04-09</subfield>
    <subfield code="y">BK</subfield>
  </datafield>
  <datafield tag="952" ind1=" " ind2=" ">
    <subfield code="0">0</subfield>
    <subfield code="1">0</subfield>
    <subfield code="2">ddc</subfield>
    <subfield code="4">0</subfield>
    <subfield code="7">0</subfield>
    <subfield code="a">PNEC</subfield>
    <subfield code="b">PNEC</subfield>
    <subfield code="d">2008-04-09</subfield>
    <subfield code="e">Fair Book Center</subfield>
    <subfield code="g">600.00</subfield>
    <subfield code="l">3</subfield>
    <subfield code="o">518 CHA</subfield>
    <subfield code="p">PNECBB-002192</subfield>
    <subfield code="r">2016-06-08</subfield>
    <subfield code="s">2016-06-08</subfield>
    <subfield code="v">600.00</subfield>
    <subfield code="w">2008-04-09</subfield>
    <subfield code="y">BK</subfield>
  </datafield>
  <datafield tag="952" ind1=" " ind2=" ">
    <subfield code="0">0</subfield>
    <subfield code="1">0</subfield>
    <subfield code="2">ddc</subfield>
    <subfield code="4">0</subfield>
    <subfield code="7">0</subfield>
    <subfield code="a">PNEC</subfield>
    <subfield code="b">PNEC</subfield>
    <subfield code="d">2008-04-09</subfield>
    <subfield code="e">Fair Book Center</subfield>
    <subfield code="g">600.00</subfield>
    <subfield code="l">1</subfield>
    <subfield code="o">518 CHA</subfield>
    <subfield code="p">PNECBB-002193</subfield>
    <subfield code="r">2016-01-04</subfield>
    <subfield code="s">2015-08-19</subfield>
    <subfield code="v">600.00</subfield>
    <subfield code="w">2008-04-09</subfield>
    <subfield code="y">BK</subfield>
  </datafield>
  <datafield tag="952" ind1=" " ind2=" ">
    <subfield code="0">0</subfield>
    <subfield code="1">0</subfield>
    <subfield code="2">ddc</subfield>
    <subfield code="4">0</subfield>
    <subfield code="7">0</subfield>
    <subfield code="a">PNEC</subfield>
    <subfield code="b">PNEC</subfield>
    <subfield code="d">2008-04-09</subfield>
    <subfield code="e">Fair Book Center</subfield>
    <subfield code="g">600.00</subfield>
    <subfield code="l">3</subfield>
    <subfield code="o">518 CHA</subfield>
    <subfield code="p">PNECBB-002194</subfield>
    <subfield code="r">2016-01-04</subfield>
    <subfield code="s">2015-08-20</subfield>
    <subfield code="v">600.00</subfield>
    <subfield code="w">2008-04-09</subfield>
    <subfield code="y">BK</subfield>
  </datafield>
  <datafield tag="952" ind1=" " ind2=" ">
    <subfield code="0">0</subfield>
    <subfield code="1">0</subfield>
    <subfield code="2">ddc</subfield>
    <subfield code="4">0</subfield>
    <subfield code="7">0</subfield>
    <subfield code="a">PNEC</subfield>
    <subfield code="b">PNEC</subfield>
    <subfield code="d">2008-04-09</subfield>
    <subfield code="e">Fair Book Center</subfield>
    <subfield code="g">600.00</subfield>
    <subfield code="l">4</subfield>
    <subfield code="o">518 CHA</subfield>
    <subfield code="p">PNECBB-002195</subfield>
    <subfield code="r">2016-08-17</subfield>
    <subfield code="s">2016-08-17</subfield>
    <subfield code="v">600.00</subfield>
    <subfield code="w">2008-04-09</subfield>
    <subfield code="y">BK</subfield>
  </datafield>
  <datafield tag="952" ind1=" " ind2=" ">
    <subfield code="0">0</subfield>
    <subfield code="1">0</subfield>
    <subfield code="2">ddc</subfield>
    <subfield code="4">0</subfield>
    <subfield code="7">0</subfield>
    <subfield code="a">PNEC</subfield>
    <subfield code="b">PNEC</subfield>
    <subfield code="d">2008-11-10</subfield>
    <subfield code="e">Fair Book Center</subfield>
    <subfield code="g">600.00</subfield>
    <subfield code="l">2</subfield>
    <subfield code="o">518 CHA</subfield>
    <subfield code="p">PNECBB-002556</subfield>
    <subfield code="r">2016-06-02</subfield>
    <subfield code="s">2016-01-25</subfield>
    <subfield code="v">600.00</subfield>
    <subfield code="w">2008-11-10</subfield>
    <subfield code="y">BK</subfield>
  </datafield>
  <datafield tag="952" ind1=" " ind2=" ">
    <subfield code="0">0</subfield>
    <subfield code="1">0</subfield>
    <subfield code="2">ddc</subfield>
    <subfield code="4">0</subfield>
    <subfield code="7">0</subfield>
    <subfield code="a">PNEC</subfield>
    <subfield code="b">PNEC</subfield>
    <subfield code="d">2008-11-10</subfield>
    <subfield code="e">Fair Book Center</subfield>
    <subfield code="g">600.00</subfield>
    <subfield code="l">1</subfield>
    <subfield code="o">518 CHA</subfield>
    <subfield code="p">PNECBB-002557</subfield>
    <subfield code="r">2015-01-01</subfield>
    <subfield code="s">2014-10-15</subfield>
    <subfield code="v">600.00</subfield>
    <subfield code="w">2008-11-10</subfield>
    <subfield code="y">BK</subfield>
  </datafield>
  <datafield tag="952" ind1=" " ind2=" ">
    <subfield code="0">0</subfield>
    <subfield code="1">0</subfield>
    <subfield code="2">ddc</subfield>
    <subfield code="4">0</subfield>
    <subfield code="7">0</subfield>
    <subfield code="a">PNEC</subfield>
    <subfield code="b">PNEC</subfield>
    <subfield code="d">2008-11-10</subfield>
    <subfield code="e">Fair Book Center</subfield>
    <subfield code="g">600.00</subfield>
    <subfield code="l">1</subfield>
    <subfield code="o">518 CHA</subfield>
    <subfield code="p">PNECBB-002558</subfield>
    <subfield code="r">2014-12-31</subfield>
    <subfield code="s">2014-08-29</subfield>
    <subfield code="v">600.00</subfield>
    <subfield code="w">2008-11-10</subfield>
    <subfield code="y">BK</subfield>
  </datafield>
  <datafield tag="952" ind1=" " ind2=" ">
    <subfield code="0">0</subfield>
    <subfield code="1">0</subfield>
    <subfield code="2">ddc</subfield>
    <subfield code="4">0</subfield>
    <subfield code="7">0</subfield>
    <subfield code="a">PNEC</subfield>
    <subfield code="b">PNEC</subfield>
    <subfield code="d">2008-11-10</subfield>
    <subfield code="e">Fair Book Center</subfield>
    <subfield code="g">600.00</subfield>
    <subfield code="l">4</subfield>
    <subfield code="o">518 CHA</subfield>
    <subfield code="p">PNECBB-002559</subfield>
    <subfield code="r">2016-08-22</subfield>
    <subfield code="s">2016-08-22</subfield>
    <subfield code="v">600.00</subfield>
    <subfield code="w">2008-11-10</subfield>
    <subfield code="y">BK</subfield>
  </datafield>
  <datafield tag="952" ind1=" " ind2=" ">
    <subfield code="0">0</subfield>
    <subfield code="1">0</subfield>
    <subfield code="2">ddc</subfield>
    <subfield code="4">0</subfield>
    <subfield code="7">0</subfield>
    <subfield code="a">PNEC</subfield>
    <subfield code="b">PNEC</subfield>
    <subfield code="d">2008-11-10</subfield>
    <subfield code="e">Fair Book Center</subfield>
    <subfield code="g">600.00</subfield>
    <subfield code="l">4</subfield>
    <subfield code="o">518 CHA</subfield>
    <subfield code="p">PNECBB-002560</subfield>
    <subfield code="r">2016-08-17</subfield>
    <subfield code="s">2016-08-17</subfield>
    <subfield code="v">600.00</subfield>
    <subfield code="w">2008-11-10</subfield>
    <subfield code="y">BK</subfield>
  </datafield>
  <datafield tag="952" ind1=" " ind2=" ">
    <subfield code="0">0</subfield>
    <subfield code="1">0</subfield>
    <subfield code="2">ddc</subfield>
    <subfield code="4">0</subfield>
    <subfield code="7">0</subfield>
    <subfield code="a">PNEC</subfield>
    <subfield code="b">PNEC</subfield>
    <subfield code="d">2008-11-10</subfield>
    <subfield code="e">Fair Book Center</subfield>
    <subfield code="g">600.00</subfield>
    <subfield code="l">3</subfield>
    <subfield code="o">518 CHA</subfield>
    <subfield code="p">PNECBB-002561</subfield>
    <subfield code="r">2016-01-01</subfield>
    <subfield code="s">2015-08-19</subfield>
    <subfield code="v">600.00</subfield>
    <subfield code="w">2008-11-10</subfield>
    <subfield code="y">BK</subfield>
  </datafield>
  <datafield tag="952" ind1=" " ind2=" ">
    <subfield code="0">0</subfield>
    <subfield code="1">0</subfield>
    <subfield code="2">ddc</subfield>
    <subfield code="4">0</subfield>
    <subfield code="7">0</subfield>
    <subfield code="a">PNEC</subfield>
    <subfield code="b">PNEC</subfield>
    <subfield code="d">2008-11-10</subfield>
    <subfield code="e">Fair Book Center</subfield>
    <subfield code="g">600.00</subfield>
    <subfield code="l">2</subfield>
    <subfield code="o">518 CHA</subfield>
    <subfield code="p">PNECBB-002562</subfield>
    <subfield code="r">2016-05-26</subfield>
    <subfield code="s">2016-01-25</subfield>
    <subfield code="v">600.00</subfield>
    <subfield code="w">2008-11-10</subfield>
    <subfield code="y">BK</subfield>
  </datafield>
  <datafield tag="952" ind1=" " ind2=" ">
    <subfield code="0">0</subfield>
    <subfield code="1">0</subfield>
    <subfield code="2">ddc</subfield>
    <subfield code="4">0</subfield>
    <subfield code="7">0</subfield>
    <subfield code="a">PNEC</subfield>
    <subfield code="b">PNEC</subfield>
    <subfield code="d">2008-11-10</subfield>
    <subfield code="e">Fair Book Center</subfield>
    <subfield code="g">600.00</subfield>
    <subfield code="l">3</subfield>
    <subfield code="o">518 CHA</subfield>
    <subfield code="p">PNECBB-002563</subfield>
    <subfield code="r">2016-01-01</subfield>
    <subfield code="s">2015-08-19</subfield>
    <subfield code="v">600.00</subfield>
    <subfield code="w">2008-11-10</subfield>
    <subfield code="y">BK</subfield>
  </datafield>
  <datafield tag="952" ind1=" " ind2=" ">
    <subfield code="0">0</subfield>
    <subfield code="1">0</subfield>
    <subfield code="2">ddc</subfield>
    <subfield code="4">0</subfield>
    <subfield code="7">0</subfield>
    <subfield code="a">PNEC</subfield>
    <subfield code="b">PNEC</subfield>
    <subfield code="d">2008-11-10</subfield>
    <subfield code="e">Fair Book Center</subfield>
    <subfield code="g">600.00</subfield>
    <subfield code="l">4</subfield>
    <subfield code="o">518 CHA</subfield>
    <subfield code="p">PNECBB-002564</subfield>
    <subfield code="r">2016-06-03</subfield>
    <subfield code="s">2016-01-22</subfield>
    <subfield code="v">600.00</subfield>
    <subfield code="w">2008-11-10</subfield>
    <subfield code="y">BK</subfield>
  </datafield>
  <datafield tag="952" ind1=" " ind2=" ">
    <subfield code="0">0</subfield>
    <subfield code="1">0</subfield>
    <subfield code="2">ddc</subfield>
    <subfield code="4">0</subfield>
    <subfield code="7">0</subfield>
    <subfield code="a">PNEC</subfield>
    <subfield code="b">PNEC</subfield>
    <subfield code="d">2008-11-10</subfield>
    <subfield code="e">Fair Book Center</subfield>
    <subfield code="g">600.00</subfield>
    <subfield code="l">3</subfield>
    <subfield code="o">518 CHA</subfield>
    <subfield code="p">PNECBB-002565</subfield>
    <subfield code="r">2016-01-01</subfield>
    <subfield code="s">2015-08-20</subfield>
    <subfield code="v">600.00</subfield>
    <subfield code="w">2008-11-10</subfield>
    <subfield code="y">BK</subfield>
  </datafield>
  <datafield tag="952" ind1=" " ind2=" ">
    <subfield code="0">0</subfield>
    <subfield code="1">0</subfield>
    <subfield code="2">ddc</subfield>
    <subfield code="4">0</subfield>
    <subfield code="7">0</subfield>
    <subfield code="a">PNEC</subfield>
    <subfield code="b">PNEC</subfield>
    <subfield code="d">2008-11-10</subfield>
    <subfield code="e">Fair Book Center</subfield>
    <subfield code="g">600.00</subfield>
    <subfield code="l">4</subfield>
    <subfield code="o">518 CHA</subfield>
    <subfield code="p">PNECBB-002566</subfield>
    <subfield code="r">2016-09-05</subfield>
    <subfield code="s">2016-09-05</subfield>
    <subfield code="v">600.00</subfield>
    <subfield code="w">2008-11-10</subfield>
    <subfield code="y">BK</subfield>
  </datafield>
  <datafield tag="952" ind1=" " ind2=" ">
    <subfield code="0">0</subfield>
    <subfield code="1">0</subfield>
    <subfield code="2">ddc</subfield>
    <subfield code="4">0</subfield>
    <subfield code="7">0</subfield>
    <subfield code="a">PNEC</subfield>
    <subfield code="b">PNEC</subfield>
    <subfield code="d">2008-11-10</subfield>
    <subfield code="e">Fair Book Center</subfield>
    <subfield code="g">600.00</subfield>
    <subfield code="l">2</subfield>
    <subfield code="o">518 CHA</subfield>
    <subfield code="p">PNECBB-002567</subfield>
    <subfield code="r">2016-06-02</subfield>
    <subfield code="s">2016-01-25</subfield>
    <subfield code="v">600.00</subfield>
    <subfield code="w">2008-11-10</subfield>
    <subfield code="y">BK</subfield>
  </datafield>
  <datafield tag="952" ind1=" " ind2=" ">
    <subfield code="0">0</subfield>
    <subfield code="1">0</subfield>
    <subfield code="2">ddc</subfield>
    <subfield code="4">0</subfield>
    <subfield code="7">0</subfield>
    <subfield code="a">PNEC</subfield>
    <subfield code="b">PNEC</subfield>
    <subfield code="d">2008-11-10</subfield>
    <subfield code="e">Fair Book Center</subfield>
    <subfield code="g">600.00</subfield>
    <subfield code="l">3</subfield>
    <subfield code="o">518 CHA</subfield>
    <subfield code="p">PNECBB-002568</subfield>
    <subfield code="r">2016-08-17</subfield>
    <subfield code="s">2016-08-17</subfield>
    <subfield code="v">600.00</subfield>
    <subfield code="w">2008-11-10</subfield>
    <subfield code="y">BK</subfield>
  </datafield>
  <datafield tag="952" ind1=" " ind2=" ">
    <subfield code="0">0</subfield>
    <subfield code="1">0</subfield>
    <subfield code="2">ddc</subfield>
    <subfield code="4">0</subfield>
    <subfield code="7">0</subfield>
    <subfield code="a">PNEC</subfield>
    <subfield code="b">PNEC</subfield>
    <subfield code="d">2008-11-10</subfield>
    <subfield code="e">Fair Book Center</subfield>
    <subfield code="g">600.00</subfield>
    <subfield code="l">3</subfield>
    <subfield code="o">518 CHA</subfield>
    <subfield code="p">PNECBB-002569</subfield>
    <subfield code="r">2016-06-08</subfield>
    <subfield code="s">2016-06-08</subfield>
    <subfield code="v">600.00</subfield>
    <subfield code="w">2008-11-10</subfield>
    <subfield code="y">BK</subfield>
  </datafield>
  <datafield tag="952" ind1=" " ind2=" ">
    <subfield code="0">0</subfield>
    <subfield code="1">0</subfield>
    <subfield code="2">ddc</subfield>
    <subfield code="4">0</subfield>
    <subfield code="7">0</subfield>
    <subfield code="a">PNEC</subfield>
    <subfield code="b">PNEC</subfield>
    <subfield code="d">2008-11-10</subfield>
    <subfield code="e">Fair Book Center</subfield>
    <subfield code="g">600.00</subfield>
    <subfield code="l">2</subfield>
    <subfield code="o">518 CHA</subfield>
    <subfield code="p">PNECBB-002570</subfield>
    <subfield code="r">2015-06-03</subfield>
    <subfield code="s">2015-02-03</subfield>
    <subfield code="v">600.00</subfield>
    <subfield code="w">2008-11-10</subfield>
    <subfield code="y">BK</subfield>
  </datafield>
  <datafield tag="952" ind1=" " ind2=" ">
    <subfield code="0">0</subfield>
    <subfield code="1">0</subfield>
    <subfield code="2">ddc</subfield>
    <subfield code="4">0</subfield>
    <subfield code="7">0</subfield>
    <subfield code="a">PNEC</subfield>
    <subfield code="b">PNEC</subfield>
    <subfield code="d">2008-11-10</subfield>
    <subfield code="e">Fair Book Center</subfield>
    <subfield code="g">600.00</subfield>
    <subfield code="l">2</subfield>
    <subfield code="o">518 CHA</subfield>
    <subfield code="p">PNECBB-002571</subfield>
    <subfield code="r">2016-01-01</subfield>
    <subfield code="s">2015-09-17</subfield>
    <subfield code="v">600.00</subfield>
    <subfield code="w">2008-11-10</subfield>
    <subfield code="y">BK</subfield>
  </datafield>
  <datafield tag="952" ind1=" " ind2=" ">
    <subfield code="0">0</subfield>
    <subfield code="1">0</subfield>
    <subfield code="2">ddc</subfield>
    <subfield code="4">0</subfield>
    <subfield code="7">0</subfield>
    <subfield code="a">PNEC</subfield>
    <subfield code="b">PNEC</subfield>
    <subfield code="d">2008-11-10</subfield>
    <subfield code="e">Fair Book Center</subfield>
    <subfield code="g">600.00</subfield>
    <subfield code="l">2</subfield>
    <subfield code="o">518 CHA</subfield>
    <subfield code="p">PNECBB-002572</subfield>
    <subfield code="r">2016-05-27</subfield>
    <subfield code="s">2016-01-22</subfield>
    <subfield code="v">600.00</subfield>
    <subfield code="w">2008-11-10</subfield>
    <subfield code="y">BK</subfield>
  </datafield>
  <datafield tag="952" ind1=" " ind2=" ">
    <subfield code="0">0</subfield>
    <subfield code="1">0</subfield>
    <subfield code="2">ddc</subfield>
    <subfield code="4">0</subfield>
    <subfield code="7">0</subfield>
    <subfield code="a">PNEC</subfield>
    <subfield code="b">PNEC</subfield>
    <subfield code="d">2008-11-10</subfield>
    <subfield code="e">Fair Book Center</subfield>
    <subfield code="g">600.00</subfield>
    <subfield code="l">2</subfield>
    <subfield code="o">518 CHA</subfield>
    <subfield code="p">PNECBB-002573</subfield>
    <subfield code="r">2016-05-27</subfield>
    <subfield code="s">2016-01-22</subfield>
    <subfield code="v">600.00</subfield>
    <subfield code="w">2008-11-10</subfield>
    <subfield code="y">BK</subfield>
  </datafield>
  <datafield tag="952" ind1=" " ind2=" ">
    <subfield code="0">0</subfield>
    <subfield code="1">0</subfield>
    <subfield code="2">ddc</subfield>
    <subfield code="4">0</subfield>
    <subfield code="7">0</subfield>
    <subfield code="a">PNEC</subfield>
    <subfield code="b">PNEC</subfield>
    <subfield code="d">2008-11-10</subfield>
    <subfield code="e">Fair Book Center</subfield>
    <subfield code="g">600.00</subfield>
    <subfield code="l">3</subfield>
    <subfield code="o">518 CHA</subfield>
    <subfield code="p">PNECBB-002574</subfield>
    <subfield code="r">2016-08-30</subfield>
    <subfield code="s">2016-08-30</subfield>
    <subfield code="v">600.00</subfield>
    <subfield code="w">2008-11-10</subfield>
    <subfield code="y">BK</subfield>
  </datafield>
  <datafield tag="952" ind1=" " ind2=" ">
    <subfield code="0">0</subfield>
    <subfield code="1">0</subfield>
    <subfield code="2">ddc</subfield>
    <subfield code="4">0</subfield>
    <subfield code="7">0</subfield>
    <subfield code="a">PNEC</subfield>
    <subfield code="b">PNEC</subfield>
    <subfield code="d">2008-11-10</subfield>
    <subfield code="e">Fair Book Center</subfield>
    <subfield code="g">600.00</subfield>
    <subfield code="l">1</subfield>
    <subfield code="o">518 CHA</subfield>
    <subfield code="p">PNECBB-002575</subfield>
    <subfield code="r">2015-02-11</subfield>
    <subfield code="s">2014-08-29</subfield>
    <subfield code="v">600.00</subfield>
    <subfield code="w">2008-11-10</subfield>
    <subfield code="y">BK</subfield>
  </datafield>
</record>
